Poesía juglaresca y juglares: aspectos de la historia literaria y cultural de España

Uloženo v:
Podrobná bibliografie
Médium: Kniha
Jazyk:španělština
Vydáno: Buenos Aires, Argentina Espasa-Calpe 1945
Vydání:Segunda edición
Edice:Colección Austral, 300
Témata:
Tagy: Přidat tag
Žádné tagy, Buďte první, kdo vytvoří štítek k tomuto záznamu!

MARC

LEADER 00000nam a2200000 a 4500
001 UCX6208
003 CL-VaPUC
005 20220223074449.0
008 930430e19450000AG |||||||||||||||||spa|d
999 |c 226272  |d 226270 
040 |c Pontificia Universidad Católica de Valparaíso 
082 0 4 |a 861.09 MEN 1945  |2 21 
245 1 0 |a Poesía juglaresca y juglares:  |b  aspectos de la historia literaria y cultural de España 
250 |a Segunda edición 
260 |a Buenos Aires, Argentina  |b Espasa-Calpe  |c 1945 
300 |a 280 páginas 
490 0 |a Colección Austral,  |v  300 
583 |a last modification  |c 19930430 00:00:00  |k Rodrigo Vera 
650 7 |a POESIA PROVENZAL  |2 CL-VaPUC  |9 264997  |x LITERATURA ESPAÑOLA 
650 7 |a TROVADORES  |2 CL-VaPUC  |9 322648  |z ESPAÑA 
650 0 |a Poesía española  |9 264938 
942 |c BK  |2 ddc 
945 |d 19930430 00:00:00 
952 |0 0  |1 0  |4 0  |6 861_090000000000000_MEN_1945  |7 0  |8 A  |9 224514  |a BIBEDU  |b BIBEDU  |d 2019-11-15  |i 2932644  |o 861.09 MEN 1945  |p 2932644  |r 2019-11-15  |w 2019-11-15  |y BK  |k LIT 
952 |0 0  |1 0  |4 0  |6 861_090000000000000_MEN_1945  |7 0  |8 X  |9 224515  |a FDOBUD  |b FDOBUD  |d 2019-11-15  |i 4411218  |o 861.09 MEN 1945  |p 4411218  |r 2019-11-15  |w 2019-11-15  |y BK_X  |k BUD